• 首页
  • 本馆介绍
  • 公告通知
  • 最新文献
  • 馆藏检索
  • 电子资源
  • 读者导购
  • 参考咨询
  • 我的图书馆
  • 登录
  • 详细信息显示
  • 放入我的书架
  • 预约/预借图书
  • 作者相关作品
  • 分类相关作品
  • 丛书相关作品
  • 出版社相关作品

书目信息

  • 表格格式
  • 工作单格式
  • 卡片格式
题名:
说剧:中国戏剧史专题研究论文集
    
 
作者: 董每戡 著
分册:  
出版信息: 北京   人民文学出版社  1983.1
页数: 415页
开本: 20cm
丛书名:
单 册:
中图分类: I207.309
科图分类:
主题词: 文学--中国
电子资源:
ISBN:
000 00565nam0 2200193 45
001 0312221749
005 20070730121049.42
010    @dCNY1.50
091    @a10019.3393
100    @a20031222d1983 km y0chiy0120 ea
101    @achi
200 1  @a说剧:中国戏剧史专题研究论文集@AShuo Ju:Zhong Guo Xi Ju Shi Zhuan Ti Yan Jiu Lun Wen Ji@f董每戡著@FDong Mei Kan Zhu
210    @a北京@c人民文学出版社@d1983.1
215    @a415页@d20cm
606 0  @a文学@x中国
690    @aI207.309@v3
701 0  @a董每戡@4著
801    @aCN@bTSTCL@c20070730
905    @dI207.309@e50@f1@b210385
    
    说剧:中国戏剧史专题研究论文集/董每戡著.-北京:人民文学出版社,1983.1
    415页;20cm
    
    
    ISBN :CNY1.50
    
●
相关链接 在E读中查询图书 在五车中查询图书 在当当中查询图书 在豆瓣中查询图书


正题名:说剧:中国戏剧史专题研究论文集     索取号:I207.309/50         预约/预借

序号 登录号 条形码 馆藏地/架位号 状态 备注
1 0210385   000540739   第二借阅区/ [索取号:I207.309/50] 在馆    
2 0210386   000540748   第一样本阅览室/ [索取号:I207.309/50] 在馆    
3 0469777   204697774   密集书库/ [索取号:I207.309/50] 在馆    
4 0787575   207875753   密集书库/ [索取号:I207.309/50] 在馆    
唐山师范学院图书馆 欢迎您!
大连网信软件有限公司© 版权所有